000 00925nam0a22002411 4500
001 rc\643871
005 20260407143457.0
035 _a(NLR Aleph) 005884818
090 _a6115928
_c6115928
100 _a20031121d1986 |||y0rusy50 ca
101 0 _arus
102 _aRU
105 _ay |||||||||
200 1 _aПРИМЕНЕНИЕ этмозина при нарушении ритма сердца у детей
_eМетод. рекомендации
_fМ-во здравоохранения Арм. ССР
_g[Сост. А.В. Асланян]
210 _aЕреван
_cБ. и.
_d1986
215 _a[11] с.
_d20
702 1 _aАсланян
_bА.В.
_gАрсен Вардкесович
_4220
712 0 1 _aАрмССР
_bМинистерство здравоохранения
_3RU\NLR\AUTH\8810015541
_9528939
801 0 _aRU
_bNLR
_gpsbo
801 1 _aRU
_bELAR
_2rusmarc
852 _aNLR
_j88-4/26409
942 _cBOOK
980 _aNB